000
00280nam a22001337a 4500
008
170210b xxu||||| |||| 00| 0 eng d
020
_a
9780838580202
041
_a
eng
080
_a
61
100
_a
4
101
_a
shm
245
_a
DIAGNOSTIC TESTS
_c
DETMER.M
942
_2
udc
_c
BK
999
_c
5143
_d
5143